Juan Sánchez Ramírez : (Registro nro. 7403)

Detalles MARC
000 -LIDER
fixed length control field 01288nam a2200373 a 4500
001 - NÚMERO DE CONTROL
Identificador de número de control 000004125
003 - IDENTIFICACDOR DE NÚMERO DE CONTROL
control field DO-SdBNP
005 - DATE AND TIME OF LATEST TRANSACTION
control field 20180323094707.0
007 - CAMPOS FIJOS DE DESCRIPCIÓN FÍSICA
fixed length control field 000004125
008 - ELEMENTOS DE LONGITUD FIJA
fixed length control field 090717s2006 dr a 000 0 spa d
020 ## - ISBN
Canceled/invalid ISBN 999341039X
040 ## - FUENTE DE CATALOGACIÓN
Agencia que crea de manera original el registro BPMSU
Idioma de catalogación spa
Agencia que realiza la transcripción BPMSU
082 #4 - NÚMERO DE CLASIFICACIÓN DECIMAL DE DEWEY
Classification number 923.27293
Item number S211C, 2006
100 1# - ASIENTO PRINCIPAL -- NOMBRE PERSONAL
Nombre personal Cassá, Roberto,
Mención de responsabilidad 1942-
245 10 - MENCIÓN DE TITULO
Título Juan Sánchez Ramírez :
Subtítulo caudillo de la reconquista /
Mención de responsabilidad Roberto Cassá ; ilustración Ramiro Manzano.
250 ## - MENCIÓN DE EDICION
Mención de edición 2a ed.
260 ## - PUBLICACIÓN, DISTRIBUCIÓN, ETC. (PIE DE IMPRENTA)
Lugar de publicación, distribución, etc Santo Domingo :
Nombre del editor, distribuidor, etc. Tobogán
Fecha de publicación, distribución, etc 2006.
300 ## - DESCRIPCIÓN FÍSICA
Extensión 47 p. :
Otros detalles físicos il.
Dimensiones 21 cm.
490 1# - MENCIÓN DE SERIES
Mención de serie Biografías dominicanas Tobogán
504 ## - NOTA DE BIBLIOGRAFÍA, ETC.
Bibliography, etc Incluye bibliografía (p.47).
600 12 - ENCABEZAMIENTO DE MATERIA--NOMBRE PERSONAL
Nombre personal SÁNCHEZ RAMÍREZ, JUAN,
Subdivisión cronológica 1762-1811
650 #4 - ENCABEZAMIENTO DE MATERIA--TEMÁTICO
Término temático o nombre geográfico como elemento de entrada REVOLUCIONARIOS
Subdivisión geográfica REPÚBLICA DOMINICANA
Subdivisión temática general BIOGRAFÍAS
651 #4 - ENCABEZAMIENTO DE MATERIA--NOMBRE GEOGRÁFICO
Nombre geográfico REPÚBLICA DOMINICANA
Subdivisión temática general BIOGRAFÍAS
651 #4 - ENCABEZAMIENTO DE MATERIA--NOMBRE GEOGRÁFICO
Nombre geográfico REPÚBLICA DOMINICANA
Subdivisión geográfica HISTORIA
700 12 - ASIENTO SECUNDARIO -- NOMBRE PERSONAL
Nombre personal Manzano, Ramiro,
Mención de responsabilidad il.
830 #0 - ASIENTO SECUNDARIO DE SERIE--TÍTULO UNIFORME
Título uniforme Biografías dominicanas Tobogan
910 ## - VALIDACIÓN
Validación Validado. Control de calidad MMOLINA
942 ## - ADDED ENTRY ELEMENTS (KOHA)
Source of classification or shelving scheme Dewey Decimal Classification
Koha item type Libros
945 ## - INFORMACIÓN DE PROCESAMIENTO LOCAL
Información de procesamiento local Inventariado, 2017/MFF
956 ## - LOCAL ELECTRONIC LOCATION AND ACCESS (OCLC)
Nombre de host AVARGAS
Número de acceso 10
Información de compresión 20090717
Inicio de sesión BND01
Procesador de solicitud 0917
956 ## - LOCAL ELECTRONIC LOCATION AND ACCESS (OCLC)
Nombre de host MFILETO
Número de acceso 10
Información de compresión 20090916
Inicio de sesión BND01
Procesador de solicitud 1030
956 ## - LOCAL ELECTRONIC LOCATION AND ACCESS (OCLC)
Nombre de host MMOLINA
Número de acceso 40
Información de compresión 20090926
Inicio de sesión BND01
Procesador de solicitud 1228
956 ## - LOCAL ELECTRONIC LOCATION AND ACCESS (OCLC)
Nombre de host MFILETO
Número de acceso 40
Información de compresión 20140509
Inicio de sesión BND01
Procesador de solicitud 1147
Existencias
Withdrawn status Lost status Source of classification or shelving scheme Damaged status Not for loan Collection code Home library Current library Date acquired Total Checkouts Full call number Barcode Date last seen Price effective from Koha item type Copy number
    Dewey Decimal Classification     Colección Dominicana Biblioteca Pública Metropolitana Salomé Ureña Biblioteca Pública Metropolitana Salomé Ureña 02/16/2015   923.27293 S211C 2006 BPMSU15041304 02/16/2015 02/16/2015 Libros  
    Dewey Decimal Classification     Colección Dominicana Biblioteca Pública Metropolitana Salomé Ureña Biblioteca Pública Metropolitana Salomé Ureña 02/16/2015   923.27293 S211C 2006 BPMSU15041305 02/16/2015 02/16/2015 Libros e. 2
    Dewey Decimal Classification     Colección Dominicana Biblioteca Pública Metropolitana Salomé Ureña Biblioteca Pública Metropolitana Salomé Ureña 02/16/2015   923.27293 S211C 2006 BPMSU15041306 02/16/2015 02/16/2015 Libros e. 3